[Event "11th Chennai Open-GM 2019"]
[Site "Chennai"]
[Date "2019.01.21"]
[Round "5"]
[White "Senthil Maran K"]
[Black "Erigaisi Arjun"]
[Result "0-1"]
[WhiteElo "2183"]
[BlackElo "2548"]
[Annotator "TA"]
[PlyCount "84"]
[EventDate "2019.01.18"]
[EventType "swiss"]
[EventCountry "IND"]
[SourceTitle "playchess.com"]
[Source "ChessBase"]
[SourceQuality "1"]

{[%evp 16,83,27,-4,6,0,6,-2,10,0,0,0,13,-13,0,0,0,0,0,-10,0,0,0,0,3,20,64,66,154,55,49,13,54,0,30,0,14,-75,-93,-64,-81,-83,-18,-23,-12,-50,0,0,0,-54,18,-62,-47,-110,-111,-110,-119,-117,-114,-121,-103,-109,-109,-121,-116,-624,-629,-578,-571,-29999]} 1. Nf3 Nf6 2. d4 b6 3. g3 Bb7 4. Bg2 g6 5. O-O Bg7 6. c4 O-O 7. Nc3 Ne4 8. Bd2 {A50: Queen's Fianchetto Defence (1 d4 Nf6 2 c4 b6)} c5 (8... e6 9. Nxe4 Bxe4 10. Bc3 c5 11. Rc1 Nc6 12. e3 Qc7 13. Qd2 Qb7 14. Ne1 cxd4 15. exd4 Ne7 {½-½ (43) Lenic,L (2662)-Vachier Lagrave,M (2789) chess.com INT 2018}) 9. e3 {LiveBook: 7 Games} d6 10. Rc1 {The position is equal.} Nd7 11. d5 Nxd2 12. Qxd2 a6 $146 ({Predecessor:} 12... Ne5 13. Nxe5 Bxe5 14. f4 Bg7 15. e4 Ba6 16. b3 Rb8 {1-0 (45) Radulov,I (2359)-Ziltener,W (2042) Saint Vincent 2002}) 13. a4 Qc7 14. e4 Ne5 15. Nxe5 Bxe5 16. f4 Bd4+ 17. Kh1 e6 18. f5 exf5 19. exf5 Rae8 20. Ne4 f6 21. fxg6 Re7 (21... hxg6 $14 22. Qh6 Qg7 23. Qxg7+ Kxg7) 22. gxh7+ (22. Qh6 $16) 22... Rxh7 $14 23. Rf4 Be5 24. Rf3 Bc8 25. Rcf1 Qg7 26. Ng5 (26. Rb3 $11) 26... Qh6 $17 {[%csl Gh7][%cal Rh6h2][%mdl 1024] [#] Black has strong compensation.} 27. h3 Rff7 28. Ne4 Qg6 (28... Qxd2 $17 29. Nxd2 Bg4) 29. Nf2 $1 $11 Rfg7 30. Kg1 Bd4 {And now ...Bxh3 would win.} 31. Qf4 Be5 ({Better is} 31... Bxh3 $11 32. Qxd6 Bd7) 32. Qd2 $1 $15 Bd7 (32... f5 $15) 33. b3 (33. Nd3 $1 $11 Bd4+ 34. Kh2) 33... Rh6 34. g4 ({White should try} 34. a5 $15 Bd4 35. Kh2 (35. axb6 Bxh3 36. b7 Rxb7 $15)) 34... f5 $17 {[%cal Rf5g4]} 35. Nd3 Bd4+ 36. Kh1 {[%cal Rg4f5]} Qxg4 $1 37. Nf4 Be5 38. Ne6 {[#]} Bxe6 $1 {[%mdl 512]} 39. dxe6 f4 $40 {[%mdl 128] Black wants a kill.} 40. Rxf4 $2 {[%mdl 8192]} (40. e7 $17 Rxe7 41. Qd5+ Kh8 42. Qa8+ Qg8 43. Rd3) 40... Bxf4 $19 41. Rxf4 Rxh3+ 42. Bxh3 Qg1# {Precision: White = 32%, Black = 38%.} 0-1

[Event "11th Chennai Open-GM 2019"]
[Site "Chennai"]
[Date "2019.01.21"]
[Round "5"]
[White "Michelle Catherina, P."]
[Black "Gajek, Radoslaw"]
[Result "0-1"]
[WhiteElo "2175"]
[BlackElo "2481"]
[Annotator "TA"]
[PlyCount "114"]
[EventDate "2019.01.18"]
[EventType "swiss"]
[EventCountry "IND"]
[SourceTitle "playchess.com"]
[Source "ChessBase"]
[SourceQuality "1"]

{[%evp 20,114,64,66,82,81,87,79,112,89,93,70,97,86,100,69,86,72,179,171,169,95,103,39,36,30,36,0,0,-134,-127,-126,-97,-100,-104,-134,-117,-109,-68,-69,-41,-37,-50,-49,-43,-29,-30,-40,-48,-52,-32,-126,-124,-119,-109,-125,-108,-135,-129,-248,-193,-191,-175,-189,-181,-183,-171,-235,-231,-233,-226,-227,-242,-291,-221,-261,-209,-485,-272,-270,-266,-273,-228,-228,-232,-235,-197,-231,-199,-357,-351,-409,-383,-1192,-1160,-1084,-870]} 1. e4 c5 2. Nf3 e6 3. d4 cxd4 4. Nxd4 a6 5. c4 Nf6 6. Nc3 Qc7 7. a3 b6 8. Be3 Bb7 {B41: Sicilian: Kan Variation: 5 c4} 9. f3 Nc6 10. b4 Ne5 11. Rc1 {LiveBook: 7 Games} h5 $146 ({Predecessor:} 11... Be7 12. Be2 Ng6 13. Nb3 Bd6 14. Bxb6 Qxb6 15. c5 Bxc5 16. bxc5 {1-0 (40) Kobalia,M (2679)-Bocharov,D (2580) Taganrog 2011}) 12. Be2 Ng6 13. Qd2 Rb8 14. Nb3 d6 15. Na4 Nd7 16. O-O Be7 17. c5 bxc5 18. bxc5 {Threatens to win with Rfd1.} Ba8 (18... O-O $16) 19. Rfd1 $1 $18 {[%cal Rc5d6]} d5 {[#]} 20. Nb6 (20. c6 $1 $18 {[%cal Rc6d7]} Rxb3 21. cxd7+ Qxd7 22. Nc5 Bxc5 23. Bxc5) 20... Nf6 21. exd5 ({White should play} 21. e5 $16 Qxe5 22. Bxa6) 21... Nxd5 $14 22. Bxa6 {Black must now prevent Bb5+.} O-O $1 23. Bd4 Rfd8 24. Qb2 (24. Bf1 $11 {keeps the balance.}) 24... Bg5 $17 25. Rb1 Nxb6 26. cxb6 Rxb6 27. Be2 Rbb8 {And now ...Bd5 would win.} 28. Qc3 Qxc3 (28... Qe7 {is more complex.} 29. a4 Bf4 30. Bf2 Rdc8 31. Nc5 Rxb1 32. Rxb1 Bd6) 29. Bxc3 Nf4 30. Rxd8+ $1 Rxd8 31. Bb5 Rb8 $36 {[%mdl 2048] Black has some pressure.} 32. Bf1 Bd5 33. Bb4 Ng6 34. Kh1 h4 35. Nc5 {[#]} (35. h3 $1 $15) 35... h3 $1 {[%mdl 512]} 36. Ne4 (36. gxh3 f5) 36... hxg2+ 37. Kxg2 Be3 38. Re1 Bd4 39. Bd6 (39. Be2 $17) 39... Nh4+ 40. Kh3 Nxf3 41. Bxb8 Nxe1 42. Nd2 Bc6 43. Bg3 (43. Nc4 {was called for.}) 43... Nc2 $19 44. Bd6 Ne3 45. Bd3 f5 46. Nc4 Ng4 47. Kg3 Nf2 48. Be5 $2 {[#]} (48. Bc2) 48... Bc5 (48... Nxd3 49. Bxd4 f4+ 50. Kg4 $15) (48... f4+ $142 $1 {[%mdl 512]} 49. Bxf4 Nxd3) 49. Bc2 Bd5 50. Bd6 Ba7 ({Weaker is} 50... Bxc4 51. Bxc5 Bd3 52. Bxf2 $15) 51. Ne5 g5 {[%csl Gg5][%cal Rf5f4]} 52. h3 f4+ 53. Kh2 Ne4 54. Be7 $2 (54. Bb4 {was necessary.}) 54... Nd2 {[%cal Rd2f1]} 55. Bd3 Bd4 56. Ng6 $2 (56. Bb4) 56... Nf3+ 57. Kg2 Ne1+ {Precision: White = 42%, Black = 67%.} 0-1

[Event "11th Chennai Open-GM 2019"]
[Site "Chennai"]
[Date "2019.01.21"]
[Round "5"]
[White "Srihari L"]
[Black "Nitin, S.."]
[Result "1/2-1/2"]
[WhiteElo "2167"]
[BlackElo "2442"]
[Annotator "TA"]
[PlyCount "78"]
[EventDate "2019.01.18"]
[EventType "swiss"]
[EventCountry "IND"]
[SourceTitle "playchess.com"]
[Source "ChessBase"]
[SourceQuality "1"]

{[%evp 9,78,-31,-26,-39,-35,-47,-39,-36,-39,-69,-67,-40,-22,-22,-22,-22,-31,-35,-16,-9,-18,-14,-16,-18,-15,-94,0,-15,0,-47,-16,-19,-9,-9,-9,-12,-11,-11,-17,-44,-44,-42,-42,-27,0,0,83,81,67,23,23,23,23,23,24,8,0,0,0,0,0,0,0,0,0,0,0,0,0,0,65]} 1. e4 c5 2. b3 g6 3. Bb2 Nf6 4. e5 Nd5 5. h4 (5. Qf3 Nb4 6. Na3 Bg7 7. e6 f6 8. c3 N4c6 9. Qe3 dxe6 10. Qxc5 {½-½ (41) Morozevich,A (2665)-Andreikin,D (2712) Moscow 2018}) 5... Bg7 {LiveBook: 11 Games} 6. Nf3 {B20: Sicilian: Unusual White 2nd moves} d6 7. Bb5+ Nc6 8. Bxc6+ $146 {Black is slightly better.} ({Predecessor:} 8. Qe2 Bg4 9. Qe4 Bxf3 10. gxf3 dxe5 11. Bxe5 f6 {½-½ (30) Horvath,I (2317)-Fusthy,Z (2267) Hungary 2000}) 8... bxc6 9. Na3 O-O 10. Nc4 f6 11. exd6 exd6 12. O-O Bg4 13. Ne3 Qd7 14. Nxg4 Qxg4 15. g3 a5 16. a4 Rfe8 17. d3 {[#]} (17. Re1 $11 {keeps the balance.}) 17... Nb4 (17... Nf4 $1 $17 18. Nh2 Qxd1 19. Raxd1 Nd5) 18. Kg2 $11 Nd5 {[%cal Bb4d5,Bd5f4,Bf4e2][%mdl 32]} 19. Kg1 Bh6 20. c4 Nf4 21. Nh2 $1 $132 {[%cal Rh2g4][%mdl 2048] White is not keeping still} Qxd1 22. Raxd1 Ne2+ 23. Kg2 f5 24. Rfe1 Bg7 25. Bxg7 Kxg7 26. Nf3 Nc3 27. Rc1 {[#] Threatens to win with Rxe8.} Rxe1 (27... Ne2 $11 {remains equal.} 28. Rb1 Re6) 28. Rxe1 {[%mdl 4096] Endgame KRN-KRN} Rb8 29. Re6 Rxb3 30. Rxd6 Nxa4 31. Rd7+ Kf6 {next ...Nb2 is good for Black.} 32. Ng5 {Threatening mate with f4.} h6 {The position is equal.} 33. Nh7+ Ke6 34. Nf8+ Kf6 35. Nh7+ Ke6 36. Nf8+ Kf6 37. Nh7+ Ke6 38. Nf8+ Kf6 39. Nh7+ Ke5 {Precision: White = 66%, Black = 56%.} (39... Ke6 $11 40. Nf8+) 1/2-1/2

[Event "11th Chennai Open-GM 2019"]
[Site "Chennai"]
[Date "2019.01.21"]
[Round "5"]
[White "Ramakrishna, J.."]
[Black "Rajesh, V A V"]
[Result "1/2-1/2"]
[WhiteElo "2146"]
[BlackElo "2410"]
[Annotator "TA"]
[PlyCount "120"]
[EventDate "2019.01.18"]
[EventType "swiss"]
[EventCountry "IND"]
[SourceTitle "playchess.com"]
[Source "ChessBase"]
[SourceQuality "1"]

{[%evp 11,120,-5,29,0,48,21,43,33,42,25,62,27,32,27,31,22,28,27,35,40,41,30,35,0,0,3,6,7,9,2,2,-12,-16,-53,-60,-47,-53,-27,-16,-58,-44,-45,-50,-49,-31,-43,-49,-67,-43,-159,-155,-199,-55,-48,0,-7,0,0,0,0,-8,0,0,-60,-8,-8,0,0,0,-71,-67,-75,-68,-77,-69,-156,-148,-155,-154,-167,-177,-144,-52,-85,-72,-70,0,0,0,0,0,0,31,38,66,46,76,0,0,0,0,0,0,0,0,0,0,0,0,0,8]} 1. c4 Nf6 2. Nc3 e5 3. e3 Bb4 4. Nge2 O-O 5. a3 Be7 6. d4 {A22: English Opening: 1...e5 2 Nc3 Nf6} (6. Nd5 c6 7. Nxe7+ Qxe7 8. d4 d5 9. cxd5 Nxd5 10. dxe5 Qxe5 11. Qd4 Nd7 12. e4 N5f6 13. f3 c5 {½-½ (73) Laznicka,V (2647)-Harikrishna,P (2744) Riadh 2017}) 6... d6 {LiveBook: 4 Games} 7. Ng3 c6 8. Be2 $146 {White is slightly better.} ({Predecessor:} 8. Bd3 Re8 9. O-O Nbd7 10. b4 Nf8 11. Bb2 Ng6 12. Nce4 exd4 13. Bxd4 {½-½ (24) Stoma,P (2326)-Popilski,G (2500) Warsaw 2014}) 8... a5 9. O-O Na6 10. b4 Be6 11. d5 cxd5 12. cxd5 Bd7 13. Rb1 axb4 14. axb4 Qc7 15. Bd2 Rfc8 16. Qb3 g6 17. f4 exf4 18. exf4 Qb6+ 19. Kh1 Qd4 20. Be1 h5 {[%cal Bh7h5,Bh5h4][%mdl 32]} 21. f5 h4 22. Bxa6 Rxa6 23. Nge2 Qc4 24. fxg6 fxg6 25. Qc2 Bf5 $1 {[%cal Rf5c2]} 26. Rxf5 gxf5 27. Qxf5 Qg4 28. Qd3 $1 Ra3 29. h3 Qh5 $1 30. Qb5 (30. Rc1 $15) 30... Qf5 $1 $17 31. Nd4 Qh7 (31... Qg6 $19 32. Rc1 Nh5) 32. Rc1 $15 Bf8 {Hoping for ...Ne4.} 33. Qe2 $1 $132 {[%cal Re2e6][%mdl 2048] White is not keeping still} Re8 34. Ne6 Bh6 35. Rd1 $1 Qf5 36. Qc4 $1 Qh5 37. Rb1 (37. Qd4 $1 $11 Qf5 38. Qxh4 (38. Bxh4 Nxd5 39. Nxd5 Rxe6 $11)) 37... Qg6 (37... Rea8 $1 $15) 38. Rd1 $11 Nh5 39. Nb5 Re3 {[%cal Ba3e3,Be3e4,Be4b4][%mdl 32] Strongly threatening ...Nf4!} 40. Qxh4 (40. Nxd6 $11 Nf4 41. Qf1) 40... Re4 $1 $17 {[%cal Re4h4]} 41. Qf2 $1 {[%cal Rf2f3] [#] White wants to play Qf3.} (41. g4 Qf7 $19) 41... Bf4 $1 42. Qf3 Be5 43. Bf2 (43. Nc3 $15 Rxb4 44. Ne2) 43... Rxb4 44. Nbd4 {[#]} Rb1 $1 45. Kg1 Nf6 {aiming for ...Qe4.} 46. g4 Bxd4 ({Better is} 46... Qe4 $17 47. Rxb1 Qxb1+ 48. Kg2 Ra8) 47. Nxd4 $15 Rxd1+ 48. Qxd1 Qe4 ({Black should try} 48... Ne4 $15 49. Nf5 Re5) 49. Nf5 {And now Qc1 would win.} Qxd5 50. Qc1 {Qg5+ is the strong threat.} Re6 ({Wrong is} 50... Re2 $2 51. Qg5+ Kf7 52. Qg7+ Ke8 53. Qxf6 $18) 51. Qc7 {[%csl Gf5][%cal Rc7g7]} Ne8 52. Ne7+ {[#]} Rxe7 $1 {[%mdl 512]} 53. Qxe7 Ng7 54. h4 (54. Bg3 $16) 54... Qd1+ $11 {The position is equal.} 55. Kh2 Qxg4 56. Qxb7 Qe2 57. Qg2 Kh7 58. Bd4 Qxg2+ 59. Kxg2 Nf5 60. Bf2 Nxh4+ {Precision: White = 47%, Black = 58%.} 1/2-1/2

[Event "11th Chennai Open-GM 2019"]
[Site "Chennai"]
[Date "2019.01.21"]
[Round "6"]
[White "Rozum, Ivan"]
[Black "Varga, Klara"]
[Result "1-0"]
[WhiteElo "2589"]
[BlackElo "2244"]
[Annotator "ChessBase"]
[PlyCount "47"]
[EventDate "2019.01.18"]
[EventType "swiss"]
[EventCountry "IND"]
[SourceTitle "playchess.com"]
[Source "ChessBase"]
[SourceQuality "1"]
[TimeControl "5400+30"]

1. c4 {[%emt 0:10:32]} Nf6 {[%emt 0:00:08]} 2. Nc3 {[%emt 0:00:06]} e6 {[%emt 0:00:52]} 3. e4 {[%emt 0:00:48]} d5 {[%emt 0:00:59]} 4. cxd5 {[%emt 0:00:11]} exd5 {[%emt 0:00:03]} 5. e5 {[%emt 0:00:06]} d4 {[%emt 0:02:19]} 6. exf6 {[%emt 0:01:20]} dxc3 {[%emt 0:00:04]} 7. Bb5+ {[%emt 0:01:11]} c6 {[%emt 0:00:47]} 8. Qe2+ {[%emt 0:00:06]} Be6 {[%emt 0:01:07]} 9. Bc4 {[%emt 0:00:10]} cxd2+ {[%emt 0:06:30]} 10. Bxd2 {[%emt 0:00:23]} Qxf6 {[%emt 0:00:09]} 11. Bc3 {[%emt 0:02:51]} Qg6 {[%emt 0:00:39]} 12. Nf3 {[%emt 0:01:22]} Be7 {[%emt 0:03:28]} 13. Bxe6 {[%emt 0:03:15]} fxe6 {[%emt 0:06:28]} 14. O-O {[%emt 0:02:12]} O-O {[%emt 0:00:28]} 15. Rad1 {[%emt 0:00:20]} Na6 {[%emt 0:16:58]} 16. Rd7 {[%emt 0:01:00]} Rae8 {[%emt 0:01:07]} 17. Ne5 {[%emt 0:04:46]} Qf5 {[%emt 0:16:31]} 18. Rxb7 {[%emt 0:01:59]} Nc5 {[%emt 0:00:32]} 19. Rxe7 {[%emt 0:01:16]} Rxe7 {[%emt 0:01:08]} 20. Bb4 {[%emt 0:00:05]} Ne4 {[%emt 0:03:57]} 21. Bxe7 {[%emt 0:00:09]} Re8 {[%emt 0:00:54]} 22. Nxc6 {[%emt 0:02:20]} Qd5 {[%emt 0:01:50]} 23. Qa6 {[%emt 0:00:54]} Nd2 {[%emt 0:00:27]} 24. Re1 {[%emt 0:00:41]} 1-0

[Event "11th Chennai Open-GM 2019"]
[Site "Chennai"]
[Date "2019.01.21"]
[Round "6"]
[White "Paichadze, Luka"]
[Black "Girish, A. Koushik"]
[Result "1-0"]
[WhiteElo "2583"]
[BlackElo "2411"]
[Annotator "TA"]
[PlyCount "55"]
[EventDate "2019.01.18"]
[EventType "swiss"]
[EventCountry "IND"]
[SourceTitle "playchess.com"]
[Source "ChessBase"]
[SourceQuality "1"]

{[%evp 13,55,0,0,-43,-51,-48,-37,-37,-36,-36,-39,-49,-22,-37,-15,-46,-20,-35,-33,-52,-14,-14,19,28,13,10,7,8,0,0,176,230,230,202,174,177,253,266,250,227,281,186,581,557]} 1. e4 e5 2. Nf3 Nc6 3. Bb5 a6 4. Bxc6 dxc6 5. O-O Bg4 6. h3 h5 7. c3 Qd3 8. Re1 {C68: Ruy Lopez: Exchange Variation, sidelines} (8. hxg4 {with more complications.} hxg4 9. Nxe5 Bd6 10. Nxd3 Bh2+ 11. Kh1) (8. hxg4 hxg4 9. Nxe5 Bd6 10. Nxd3 Bh2+ 11. Kh1 Bg3+ 12. Kg1 Bh2+ 13. Kh1 Bg3+ 14. Kg1 Bh2+ 15. Kh1 {½-½ (15) Mamedov,R (2709)-Mamedyarov,S (2799) Huaian 2017}) 8... Bxf3 $1 9. Qxf3 Qxf3 10. gxf3 {Black is slightly better.} O-O-O 11. Kf1 $1 Ne7 12. Ke2 Ng6 {[#] aiming for ...Nf4+.} 13. d3 $1 Be7 14. Be3 c5 15. Nd2 $146 ({Predecessor:} 15. Rg1 Rd7 {½-½ (37) Shaw,J (2465)-Harstad,C (2113) Catalan Bay 2004}) 15... b6 16. a4 a5 17. Rg1 Rd7 18. Nc4 {Threatens to win with Rxg6!} Bf6 19. Rab1 Rhd8 20. b4 Rxd3 21. bxc5 bxc5 $2 {[#]} (21... Rxc3 $11 {and Black is okay.} 22. Rgc1 Rxc1 23. Rxc1 bxc5) 22. Rb3 $1 $18 Nf4+ 23. Bxf4 $1 exf4 24. e5 {Hoping for Rgb1.} Bxe5 (24... Be7 $142 25. Rxg7 Rd1) 25. Nxe5 Rd2+ 26. Kf1 Ra2 27. Kg2 {Rgb1 is the strong threat.} ({And not} 27. Rxg7 Re8 $11) ({Weaker is} 27. Nxf7 Rd1+ 28. Kg2 Rxg1+ 29. Kxg1 Rxa4 $16) 27... f6 $2 (27... Rd5) 28. Rgb1 {Accuracy: White = 71%, Black = 48%.} 1-0

[Event "11th Chennai Open-GM 2019"]
[Site "Chennai"]
[Date "2019.01.21"]
[Round "6"]
[White "Erigaisi Arjun"]
[Black "Muthaiah AL"]
[Result "1-0"]
[WhiteElo "2548"]
[BlackElo "2406"]
[Annotator "TA"]
[PlyCount "71"]
[EventDate "2019.01.18"]
[EventType "swiss"]
[EventCountry "IND"]
[SourceTitle "playchess.com"]
[Source "ChessBase"]
[SourceQuality "1"]

{[%evp 19,71,34,72,7,29,25,25,23,17,25,18,20,14,13,50,50,91,103,96,102,88,90,216,85,95,87,92,83,71,50,88,36,92,91,94,64,223,225,552,553,493,256,256,256,256,248,428,420,697,682,746,450,1093,1084]} 1. d4 d5 2. c4 e6 3. Nf3 Nf6 4. g3 Bb4+ 5. Bd2 Bd6 (5... Be7 6. Bg2 O-O 7. O-O Nbd7 8. Qc2 c6 9. Rd1 b6 10. Bf4 Nh5 11. Bd2 Nhf6 12. Bf4 Nh5 13. Bd2 Bb7 14. Ne5 Rc8 15. Nc3 Nhf6 16. Bf4 Nh5 17. Bd2 a6 18. e4 dxc4 19. Nxc4 b5 20. Ne3 c5 21. d5 c4 22. a4 Qb6 23. axb5 axb5 24. Ne2 {½-½ (54) Cheparinov,I (2709)-Karjakin,S (2753) St Petersburg 2018}) 6. Nc3 {E01: Catalan: Early deviations} c6 7. Qc2 O-O 8. e4 Nxe4 9. Nxe4 dxe4 10. Qxe4 Nd7 {LiveBook: 6 Games} 11. Bc3 (11. Bd3 $16 {[%csl Gd3][%cal Re4h7]} Nf6 12. Qh4) 11... Re8 $146 ({Predecessor:} 11... Nf6 12. Qc2 b5 {0-1 (27) Condori Aranya,E (2170)-Garcia Palermo,C (2438) Montevideo 2017}) 12. Bg2 e5 13. O-O {[%cal Rd4e5]} (13. Nxe5 Nxe5 14. dxe5 Bxe5 $11) 13... Nf6 14. Qc2 exd4 15. Bxd4 Bg4 16. Rad1 Bxf3 17. Bxf3 Qe7 18. Qb3 a5 {[#]} 19. Rfe1 $1 {[%mdl 512]} Qxe1+ 20. Rxe1 Rxe1+ 21. Kg2 {c5 is the strong threat.} Re7 22. c5 Bb8 23. Bxf6 gxf6 24. Be4 $36 {[%mdl 2048] White is pushing.} Ba7 ({Not} 24... Rxe4 $2 25. Qxb7 Rb4 26. Qxa8 $18) 25. Bb1 (25. Qf3 $16) 25... Rd8 ({Better is} 25... Kg7 $1 $14) 26. Qc2 $16 Kf8 27. Qxh7 {[%cal Rh7h8] [#]} Re2 $2 (27... Re5 $14) 28. Bd3 $18 Rxb2 $2 (28... Re5 {is a better chance.} 29. Bc4 Rd7 30. Qh8+ Ke7) 29. Bc4 {[%csl Gc4][%cal Rh7f7]} Rd7 30. Be6 (30. Qh8+ $142 Ke7 31. Qg8) 30... fxe6 31. Qxd7 Bxc5 {KQ-KRB} 32. h4 ({Don't play} 32. Qxe6 $6 Kg7 $18) 32... Bxf2 $2 (32... Rxa2 {was necessary.} 33. Kh3 (33. Qxe6 Rxf2+ 34. Kh3 a4 $16) 33... Rxf2) 33. Qxe6 Kg7 (33... Bc5+ $142 34. Kh3 Be7) 34. Kh3 {White is clearly winning.} Rb5 35. Qe2 Bd4 (35... Bc5 $142 36. a4 Rb1 37. Qg4+ Kf8) 36. Qg4+ {Precision: White = 73%, Black = 32%.} 1-0

[Event "11th Chennai Open-GM 2019"]
[Site "Chennai"]
[Date "2019.01.21"]
[Round "6"]
[White "Stupak, Kirill"]
[Black "Tran, Minh Thang"]
[Result "1-0"]
[WhiteElo "2542"]
[BlackElo "2355"]
[Annotator "ChessBase"]
[PlyCount "51"]
[EventDate "2019.01.18"]
[EventType "swiss"]
[EventCountry "IND"]
[SourceTitle "playchess.com"]
[Source "ChessBase"]
[SourceQuality "1"]
[TimeControl "5400+30"]

1. d4 d5 {[%emt 0:05:16]} 2. Nf3 {[%emt 0:03:33]} Nf6 {[%emt 0:00:13]} 3. c4 {[%emt 0:00:07]} c6 {[%emt 0:00:07]} 4. Nc3 {[%emt 0:00:06]} a6 {[%emt 0:00:07]} 5. a4 {[%emt 0:00:05]} e6 {[%emt 0:00:16]} 6. Bg5 {[%emt 0:00:38]} dxc4 {[%emt 0:10:25]} 7. e4 {[%emt 0:06:06]} b5 {[%emt 0:02:14]} 8. axb5 {[%emt 0:10:18]} cxb5 {[%emt 0:00:20]} 9. e5 {[%emt 0:00:14]} h6 {[%emt 0:00:32]} 10. Bd2 {[%emt 0:00:13]} Nd5 {[%emt 0:00:55]} 11. Nxb5 {[%emt 0:00:02]} axb5 {[%emt 0:00:58]} 12. Rxa8 {[%emt 0:00:03]} Bb7 {[%emt 0:00:10]} 13. Ra1 {[%emt 0:05:27]} Nc6 {[%emt 0:00:54]} 14. Be2 {[%emt 0:01:30]} Qb6 {[%emt 0:11:13]} 15. O-O {[%emt 0:01:39]} Nxd4 {[%emt 0:18:12]} 16. Nxd4 {[%emt 0:03:25]} Qxd4 {[%emt 0:01:06]} 17. b3 {[%emt 0:00:22]} Qxe5 {[%emt 0:03:35]} 18. bxc4 {[%emt 0:07:48]} Bd6 {[%emt 0:01:48]} 19. g3 {[%emt 0:00:54]} bxc4 {[%emt 0:01:44]} 20. Ra7 {[%emt 0:14:48]} Bc6 {[%emt 0:00:42]} 21. Ra6 {[%emt 0:00:06]} Bb7 {[%emt 0:01:53]} 22. Qa4+ {[%emt 0:00:20]} Ke7 {[%emt 0:00:45]} 23. Ra7 {[%emt 0:01:15]} Qxe2 {[%emt 0:02:14]} 24. Rxb7+ {[%emt 0:00:01]} Kf6 {[%emt 0:00:08]} 25. Qd7 {[%emt 0:00:20]} Be7 {[%emt 0:00:35]} 26. Bb4 {[%emt 0:00:07]} 1-0

[Event "11th Chennai Open-GM 2019"]
[Site "Chennai"]
[Date "2019.01.21"]
[Round "6"]
[White "Megaranto, Susanto"]
[Black "Suvrajit, Saha"]
[Result "1/2-1/2"]
[WhiteElo "2530"]
[BlackElo "2221"]
[Annotator "ChessBase"]
[PlyCount "112"]
[EventDate "2019.01.18"]
[EventType "swiss"]
[EventCountry "IND"]
[SourceTitle "playchess.com"]
[Source "ChessBase"]
[SourceQuality "1"]
[TimeControl "5400+30"]

1. d4 {[%emt 0:00:00]} d5 {[%emt 0:00:44]} 2. Nf3 {[%emt 0:00:03]} Nf6 {[%emt 0:00:30]} 3. Bf4 {[%emt 0:00:30]} e6 {[%emt 0:00:30]} 4. e3 {[%emt 0:00:30]} Bd6 {[%emt 0:00:30]} 5. Bg5 {[%emt 0:00:30]} h6 {[%emt 0:00:30]} 6. Bh4 {[%emt 0:00:30]} c5 {[%emt 0:00:30]} 7. Nbd2 {[%emt 0:00:00]} O-O {[%emt 0:05:26]} 8. c3 {[%emt 0:00:00]} Nc6 {[%emt 0:00:30]} 9. Bb5 {[%emt 0:00:00]} cxd4 {[%emt 0:00:30]} 10. exd4 {[%emt 0:00:28]} Bd7 {[%emt 0:00:30]} 11. O-O {[%emt 0:00:30]} Be7 {[%emt 0:00:30]} 12. Bd3 {[%emt 0:00:30]} Nh5 {[%emt 0:00:30]} 13. Bxe7 {[%emt 0:00:30]} Qxe7 {[%emt 0:00:30]} 14. Re1 {[%emt 0:00:30]} Rfd8 {[%emt 0:00:30]} 15. g3 {[%emt 0:00:30]} Nf6 {[%emt 0:00:30]} 16. Qe2 {[%emt 0:00:30]} Be8 {[%emt 0:00:30]} 17. Nh4 {[%emt 0:00:30]} Qc7 {[%emt 0:00:30]} 18. f4 {[%emt 0:00:30]} Rab8 {[%emt 0:00:30]} 19. Nhf3 {[%emt 0:00:30]} b5 {[%emt 0:00:30]} 20. b4 {[%emt 0:00:30]} a5 {[%emt 0:00:30]} 21. a3 {[%emt 0:00:30]} Ne7 {[%emt 0:00:30]} 22. Rac1 {[%emt 0:00:30]} Nc8 {[%emt 0:00:30]} 23. Nb3 {[%emt 0:00:30]} axb4 {[%emt 0:00:30]} 24. axb4 {[%emt 0:00:30]} Nd6 {[%emt 0:00:30]} 25. Nc5 {[%emt 0:00:30]} Ra8 {[%emt 0:00:30]} 26. Ra1 {[%emt 0:00:30]} Nfe4 {[%emt 0:00:30]} 27. Qb2 {[%emt 0:00:30]} Rdc8 {[%emt 0:00:30]} 28. Rxa8 {[%emt 0:00:30]} Rxa8 {[%emt 0:00:30]} 29. Ra1 {[%emt 0:00:30]} Qc8 {[%emt 0:00:30]} 30. Ra3 {[%emt 0:00:30]} Bc6 {[%emt 0:00:30]} 31. Ne5 {[%emt 0:00:30]} Bb7 {[%emt 0:00:30]} 32. Kf1 {[%emt 0:00:30]} f6 {[%emt 0:00:30]} 33. Nf3 {[%emt 0:00:30]} Nc4 {[%emt 0:00:30]} 34. Rxa8 {[%emt 0:00:30]} Qxa8 {[%emt 0:00:30]} 35. Bxc4 {[%emt 0:00:30]} dxc4 {[%emt 0:00:30]} 36. Ne1 {[%emt 0:00:30]} Bd5 {[%emt 0:00:30]} 37. Nxe4 {[%emt 0:00:30]} Bxe4 {[%emt 0:00:30]} 38. Kf2 {[%emt 0:00:30]} Qa4 {[%emt 0:00:30]} 39. Qe2 {[%emt 0:00:30]} f5 {[%emt 0:00:30]} 40. Qd2 {[%emt 0:00:30]} Qa1 {[%emt 0:00:30]} 41. h3 {[%emt 0:00:30]} Bd5 {[%emt 0:00:30]} 42. Qc2 {[%emt 0:00:30]} Be4 {[%emt 0:00:30]} 43. Qd2 {[%emt 0:00:30]} Qb1 {[%emt 0:00:30]} 44. Ke2 {[%emt 0:00:30]} Qa1 {[%emt 0:00:30]} 45. Kf2 {[%emt 0:00:30]} Qa8 {[%emt 0:00:30]} 46. Qe2 {[%emt 0:00:30]} Kh7 {[%emt 0:00:30]} 47. Kg1 {[%emt 0:00:30]} Qa1 {[%emt 0:00:30]} 48. Qd2 {[%emt 0:00:30]} Bb7 {[%emt 0:00:30]} 49. Kf2 {[%emt 0:00:30]} Bd5 {[%emt 0:00:30]} 50. Qc2 {[%emt 0:00:30]} Be4 {[%emt 0:00:30]} 51. Qd2 {[%emt 0:00:30]} Qa7 {[%emt 0:00:30]} 52. Qe2 {[%emt 0:00:30]} Qa1 {[%emt 0:00:30]} 53. Qd2 {[%emt 0:00:30]} Qb1 {[%emt 0:00:30]} 54. Ke2 {[%emt 0:00:30]} Qa1 {[%emt 0:00:30]} 55. Kf2 {[%emt 0:00:30]} Qb1 {[%emt 0:00:30]} 56. Ke2 {[%emt 0:00:30]} Qa1 {[%emt 0:00:30]} 1/2-1/2